header

The world energy dilemma (Record no. 97791)

MARC details
000 -LEADER
fixed length control field 01112nam a2200301Ia 4500
082 04 - DEWEY DECIMAL CLASSIFICATION NUMBER
Classification number 333.79
100 1# - MAIN ENTRY--AUTHOR NAME
Personal name Powers, Louis W.
245 14 - TITLE STATEMENT
Title The world energy dilemma
260 ## - PUBLICATION, DISTRIBUTION, ETC. (IMPRINT)
Place of publication Tulsa, Okla. :
Name of publisher PennWell,
Year of publication c2012.
300 ## - PHYSICAL DESCRIPTION
Number of Pages xxiii, 306 p. :
Other physical details ill., maps.
650 #0 - SUBJECT ADDED ENTRY--TOPICAL TERM
Topical Term Energy policy.
Topical Term Power resources.
856 40 - ELECTRONIC LOCATION AND ACCESS
Uniform Resource Identifier http://site.ebrary.com/lib/rucke/Doc?id=10607599

No items available.

© 2026 Rongo University
Contact us: librarian | system librarian | Rongo university